Marvel Country Flag Quiz #8 - Statistics

General Stats
  • This quiz has been taken 7 times
  • The average score is 6 of 7
Answer Stats
Picture Answer % Correct
Luke Cage
100%
Ms. Marvel
100%
Quicksilver
100%
Spider-Woman
100%
Magik
86%
Red Wolf
86%
Chad / Romania
71%
No matching quizzes found
Score Distribution
Percent of People with Each Score
Percentile by Number Answered
Your Score History
You have not taken this quiz